| 000 | 01234cad a22002175a 4500 | ||
|---|---|---|---|
| 001 | L137585 | ||
| 008 | 070417e20070221xxk f 000 0 eng d | ||
| 035 | _a(Sirsi) u137585 | ||
| 041 | 0 | _aeng | |
| 110 | 2 |
_aRoyal Institution of Chartered Surveyors _94900 |
|
| 245 | 0 | 0 |
_aRICS view _bhome information packs and energy performance certificates _h[electronic resource] |
| 260 |
_aLondon _bRICS _c2007 |
||
| 490 | _aRICS View | ||
| 520 | _aArgues that over-regulation by the UK government has left a poor and expensive product with an unworkable implementation date. Disagrees with the UK government's intention to use Home Information Packs as part of wider reforms to cut carbon emissions from homes. Sets out the key issues as RICS sees them and proposes industry and market led solutions which will deliver all the government?s policy objectives at much reduced cost to the consumer. | ||
| 590 | _aKA | ||
| 650 | 2 | 4 | _aCARBON REDUCTION |
| 651 | 4 |
_aEngland and Wales _y1543- |
|
| 690 | _aPROPERTY-RESIDENTIAL PROPERTY-ACQUISITION AND DISPOSAL OF RESIDENTIAL PROPERTY-HOME BUYING REFORM | ||
| 856 | 4 | 0 |
_uhttps://www.rics.org/RICSWEB/getpage.aspx?p=a9wbZFAvQUOIAO2xfLJARQ _zView the item free of charge at www.rics.org... |
| 942 | _n0 | ||
| 999 |
_c78665 _d78665 |
||